[Event "HUN-chT2 Szechenyi 1617"]
[Site "Hungary"]
[Date "2016.10.30"]
[Round "3.5"]
[White "Vinkovics, Sandor"]
[Black "Lovasz, Barnabas"]
[Result "1-0"]
[WhiteElo "2026"]
[BlackElo "1930"]
[PlyCount "37"]
[EventDate "2016.09.25"]
[EventType "team-tourn"]
[EventRounds "11"]
[EventCountry "HUN"]
[SourceTitle "EXT 2021"]
[Source "ChessBase"]
[SourceDate "2020.10.23"]
[SourceVersion "1"]
[SourceVersionDate "2020.10.23"]
[SourceQuality "1"]
[WhiteTeam "Lovo"]
[BlackTeam "Tapolca VSE II"]
[WhiteTeamCountry "HUN"]
[BlackTeamCountry "HUN"]

1. d4 d5 2. Nf3 Nf6 3. Bg5 h6 4. Bxf6 exf6 5. e3 Be6 6. Be2 g5 7. Nbd2 g4 8. Nh4 f5 9. g3 Bg7 10. Ng2 c5 11. c3 c4 12. Qc2 Nd7 13. Nh4 Qf6 14. 0-0-0 b5 15. f3 h5 16. Rhf1 Qg5 17. fxg4 fxg4 18. Nf5 0-0 19. Rf4 1-0

[Event "HUN-chT2 Szechenyi 1415"]
[Site "Hungary"]
[Date "2014.12.14"]
[Round "6.3"]
[White "Egresi, Mate"]
[Black "Lovasz, Barnabas"]
[Result "1/2-1/2"]
[WhiteElo "2246"]
[BlackElo "1928"]
[PlyCount "39"]
[EventDate "2014.09.07"]
[EventType "team-tourn"]
[EventRounds "11"]
[EventCountry "HUN"]
[SourceTitle "EXT 2016"]
[Source "ChessBase"]
[SourceDate "2015.10.08"]
[SourceVersion "1"]
[SourceVersionDate "2015.10.08"]
[SourceQuality "1"]
[WhiteTeam "Lovo"]
[BlackTeam "Tapolca"]
[WhiteTeamCountry "HUN"]
[BlackTeamCountry "HUN"]

1. d4 d5 2. c4 c6 3. e3 Nf6 4. Bd3 e6 5. Nf3 Be7 6. Nbd2 0-0 7. 0-0 Ne8 8. e4 f5 9. e5 g5 10. h3 Ng7 11. a4 h5 12. g4 hxg4 13. hxg4 fxg4 14. Nh2 dxc4 15. Nxc4 g3 16. fxg3 Nf5 17. Bxf5 exf5 18. Qh5 Kg7 19. Nd6 Be6 20. Be3 1/2-1/2

[Event "HUN-chT2 Szechenyi 1011"]
[Site "Hungary"]
[Date "2011.04.10"]
[Round "8.2"]
[White "Lovasz, Barnabas"]
[Black "Soponyai, Andras"]
[Result "1/2-1/2"]
[WhiteElo "1934"]
[BlackElo "2038"]
[PlyCount "91"]
[EventDate "2010.09.12"]
[EventType "team-tourn"]
[EventRounds "11"]
[EventCountry "HUN"]
[SourceTitle "EXT 2012"]
[Source "ChessBase"]
[SourceDate "2011.11.24"]
[SourceVersion "1"]
[SourceVersionDate "2011.11.24"]
[SourceQuality "1"]
[WhiteTeam "Tapolca"]
[BlackTeam "HVSE Infraplan"]
[WhiteTeamCountry "HUN"]
[BlackTeamCountry "HUN"]

1. e4 e6 2. d4 d5 3. e5 c5 4. Nf3 Nc6 5. Bd3 cxd4 6. 0-0 Nge7 7. Bf4 Ng6 8. Bg3 Be7 9. a3 Bd7 10. b4 a6 11. Nbd2 b5 12. Nb3 Qb6 13. Qe2 0-0 14. h4 Rfb8 15. h5 Nf8 16. h6 a5 17. hxg7 Kxg7 18. bxa5 Nxa5 19. Nxa5 Rxa5 20. Bh4 Qd8 21. Bxe7 Qxe7 22. Nxd4 Ng6 23. f4 Qh4 24. c3 Rc8 25. Qd2 Rca8 26. Qf2 Qxf2+ 27. Rxf2 Rxa3 28. Raf1 Rxc3 29. Bxb5 Ra7 30. Bxd7 Rxd7 31. Nb5 Rc5 32. Nd4 Rc4 33. Rd2 Re7 34. f5 exf5 35. Nxf5+ Kf8 36. Nxe7 Kxe7 37. Rxd5 Re4 38. Rd6 h5 39. Rdf6 Nxe5 40. R6f5 h4 41. Kh2 Ke6 42. Rf6+ Ke7 43. Kh3 Ke8 44. R6f4 Rxf4 45. Rxf4 Ng6 46. Rf6 1/2-1/2

[Event "HUN-chT2 Szechenyi 1011"]
[Site "Hungary"]
[Date "2010.11.07"]
[Round "5.4"]
[White "Domonkos, Daniel"]
[Black "Lovasz, Barnabas"]
[Result "0-1"]
[WhiteElo "2096"]
[BlackElo "1934"]
[PlyCount "98"]
[EventDate "2010.09.12"]
[EventType "team-tourn"]
[EventRounds "11"]
[EventCountry "HUN"]
[SourceTitle "EXT 2012"]
[Source "ChessBase"]
[SourceDate "2011.11.24"]
[SourceVersion "1"]
[SourceVersionDate "2011.11.24"]
[SourceQuality "1"]
[WhiteTeam "Veszprem"]
[BlackTeam "Tapolca"]
[WhiteTeamCountry "HUN"]
[BlackTeamCountry "HUN"]

1. d4 d5 2. c4 c6 3. Nf3 Nf6 4. cxd5 cxd5 5. Nc3 a6 6. Bf4 e6 7. e3 Bd6 8. Bxd6 Qxd6 9. Bd3 Nbd7 10. Rc1 0-0 11. 0-0 b5 12. Bb1 Bb7 13. Qd3 Ne4 14. Nd2 f5 15. f4 Nxd2 16. Qxd2 Nf6 17. Ne2 Rac8 18. b4 Rc4 19. a3 Rfc8 20. Bd3 Rxc1 21. Rxc1 Rxc1+ 22. Qxc1 Qc6 23. Qc5 Ng4 24. Qxc6 Bxc6 25. h3 Nxe3 26. Nc3 Nc4 27. Bxc4 dxc4 28. g3 h6 29. Kf2 Kf7 30. Ke3 g5 31. Nd1 Kg6 32. Nf2 Bg2 33. g4 h5 34. fxg5 Kxg5 35. gxh5 f4+ 36. Ke2 Kxh5 37. Ng4 Bxh3 38. Nf6+ Kg6 39. Ne4 Kf5 40. Nc5 Bg4+ 41. Kd2 Bh3 42. Ke2 Bg4+ 43. Kd2 f3 44. Ke3 c3 45. Nd3 Bh5 46. Nc5 Kg4 47. Ne4 c2 48. Nf2+ Kg3 49. Ne4+ Kg2 0-1

[Event "HUN-chT2 Szechenyi 1011"]
[Site "Hungary"]
[Date "2010.09.26"]
[Round "2.3"]
[White "Suket, Ferenc"]
[Black "Lovasz, Barnabas"]
[Result "1-0"]
[WhiteElo "2022"]
[BlackElo "1934"]
[PlyCount "25"]
[EventDate "2010.09.12"]
[EventType "team-tourn"]
[EventRounds "11"]
[EventCountry "HUN"]
[SourceTitle "EXT 2012"]
[Source "ChessBase"]
[SourceDate "2011.11.24"]
[SourceVersion "1"]
[SourceVersionDate "2011.11.24"]
[SourceQuality "1"]
[WhiteTeam "Baki Agrocentrum"]
[BlackTeam "Tapolca"]
[WhiteTeamCountry "HUN"]
[BlackTeamCountry "HUN"]

1. e4 e5 2. Bc4 Nf6 3. d3 Bc5 4. Bg5 d6 5. Nc3 Bxf2+ 6. Kxf2 Ng4+ 7. Qxg4 Bxg4 8. Bxd8 Kxd8 9. Nf3 Be6 10. Bxe6 fxe6 11. Rhf1 h6 12. a3 Nc6 13. Ke3 1-0

[Event "HUN-chT2 Szechenyi 0910"]
[Site "Hungary"]
[Date "2010.03.21"]
[Round "8.7"]
[White "Lovasz, Barnabas"]
[Black "Arany, Tamas"]
[Result "1-0"]
[WhiteElo "1907"]
[BlackElo "1918"]
[PlyCount "95"]
[EventDate "2009.11.08"]
[EventType "team-tourn"]
[EventRounds "11"]
[EventCountry "HUN"]
[SourceTitle "EXT 2011"]
[Source "ChessBase"]
[SourceDate "2010.11.26"]
[SourceVersion "1"]
[SourceVersionDate "2010.11.26"]
[SourceQuality "1"]
[WhiteTeam "Tapolca Szeremley"]
[BlackTeam "Arboretum"]
[WhiteTeamCountry "HUN"]
[BlackTeamCountry "HUN"]

1. e4 c6 2. d4 d5 3. Nc3 dxe4 4. Nxe4 Nf6 5. Ng3 h5 6. h4 Qb6 7. Nf3 Bg4 8. Be2 e6 9. Ne5 Bxe2 10. Nxe2 Nbd7 11. Nxd7 Nxd7 12. b3 Be7 13. Bb2 0-0-0 14. a4 Qa5+ 15. Qd2 Qd5 16. f3 g5 17. c4 Qf5 18. d5 Ne5 19. 0-0-0 Rhg8 20. Qe3 f6 21. Nd4 Qf4 22. Qxf4 gxf4 23. Nxe6 Rd7 24. Nxf4 cxd5 25. Rxd5 Rxd5 26. Nxd5 Bd8 27. Nf4 Bb6 28. Kd2 Nd7 29. b4 Bc7 30. Nxh5 Rxg2+ 31. Kc1 f5 32. Kb1 Nb6 33. c5 Nxa4 34. Bf6 b6 35. Ng7 f4 36. h5 Bd8 37. Bxd8 Rxg7 38. h6 Rh7 39. Bf6 Kd7 40. Bg7 bxc5 41. b5 Nb6 42. Rh5 Kd6 43. Bf8+ Ke6 44. Rxc5 Nd5 45. Bg7 Kd6 46. Rc6+ Kd7 47. Ra6 Ne7 48. Rxa7+ 1-0

[Event "HUN-chT2 Szechenyi 0910"]
[Site "Hungary"]
[Date "2010.01.31"]
[Round "5.9"]
[White "Horvath, Lajos"]
[Black "Lovasz, Barnabas"]
[Result "1/2-1/2"]
[WhiteElo "1920"]
[BlackElo "1907"]
[PlyCount "133"]
[EventDate "2009.11.08"]
[EventType "team-tourn"]
[EventRounds "11"]
[EventCountry "HUN"]
[SourceTitle "EXT 2011"]
[Source "ChessBase"]
[SourceDate "2010.11.26"]
[SourceVersion "1"]
[SourceVersionDate "2010.11.26"]
[SourceQuality "1"]
[WhiteTeam "Keszthely"]
[BlackTeam "Tapolca Szeremley"]
[WhiteTeamCountry "HUN"]
[BlackTeamCountry "HUN"]

1. c4 c6 2. Nc3 Nf6 3. d4 d5 4. e3 a6 5. Nf3 b5 6. c5 Bf5 7. b4 Nbd7 8. a4 Ne4 9. Bb2 e6 10. axb5 Nxc3 11. Bxc3 axb5 12. Be2 Be7 13. 0-0 0-0 14. Qb3 Qc7 15. Ra3 Rxa3 16. Qxa3 f6 17. Ra1 Rb8 18. Ra2 Rb7 19. Nh4 Bb1 20. Rb2 Ra7 21. Qb3 Bg6 22. Nxg6 hxg6 23. Ra2 f5 24. Qb2 Nf6 25. f3 Bd8 26. Qa1 Rxa2 27. Qxa2 Qb7 28. Be1 Nh5 29. g4 fxg4 30. fxg4 Nf6 31. Bh4 Qf7 32. Qa8 Qe8 33. h3 Kh7 34. Bd3 Qf8 35. Qc8 Qe8 36. Bg5 Kh8 37. Kg2 Kh7 38. h4 Kg8 39. Kh3 Kf7 40. h5 gxh5 41. gxh5 Ke7 42. Bg6 Qd7 43. Bxf6+ gxf6 44. Qxd7+ Kxd7 45. Kg4 f5+ 46. Bxf5 exf5+ 47. Kxf5 Ke7 48. h6 Kf7 49. Ke5 Bc7+ 50. Kf5 Bd8 51. e4 dxe4 52. Kxe4 Ke6 53. h7 Bf6 54. d5+ cxd5+ 55. Kd3 Be5 56. Ke3 Kf7 57. Kd3 Ke6 58. Ke3 Kd7 59. Kd3 Kc6 60. Ke3 Kd7 61. Kd3 Ke6 62. Ke3 Kf5 63. Kd3 d4 64. Kc2 Ke6 65. Kd3 Kd5 66. Kc2 Ke6 67. Kd3 1/2-1/2

[Event "HUN-chT2 Szechenyi 0910"]
[Site "Hungary"]
[Date "2009.11.22"]
[Round "2.9"]
[White "Lovasz, Barnabas"]
[Black "Palla, Gyorgy"]
[Result "1-0"]
[WhiteElo "1907"]
[BlackElo "2119"]
[PlyCount "59"]
[EventDate "2009.11.08"]
[EventType "team-tourn"]
[EventRounds "11"]
[EventCountry "HUN"]
[SourceTitle "EXT 2011"]
[Source "ChessBase"]
[SourceDate "2010.11.26"]
[SourceVersion "1"]
[SourceVersionDate "2010.11.26"]
[SourceQuality "1"]
[WhiteTeam "Tapolca Szeremley"]
[BlackTeam "BSC"]
[WhiteTeamCountry "HUN"]
[BlackTeamCountry "HUN"]

1. e4 e6 2. d4 d5 3. e5 c5 4. Nf3 cxd4 5. Bd3 Nc6 6. a3 Nge7 7. Bf4 Ng6 8. Bg3 Be7 9. 0-0 0-0 10. b4 a6 11. Re1 f5 12. Qc1 Nh4 13. Nxh4 Bxh4 14. f4 Bd7 15. Nd2 Rc8 16. Bxh4 Qxh4 17. Nf3 Qd8 18. Qd2 Qb6 19. Qf2 Qc7 20. g4 g6 21. gxf5 gxf5 22. Qh4 Rf7 23. Kh1 Rg7 24. Rg1 Qd8 25. Qh6 Rg6 26. Rxg6+ hxg6 27. Qxg6+ Kf8 28. Rg1 Ne7 29. Qf6+ Ke8 30. Qh8+ 1-0

[Event "HUN-chT2 Szechenyi 0708"]
[Site "Hungary"]
[Date "2008.03.16"]
[Round "8"]
[White "Pal, Csanad"]
[Black "Lovasz, Barnabas"]
[Result "0-1"]
[WhiteElo "1836"]
[BlackElo "1956"]
[PlyCount "68"]
[EventDate "2007.10.14"]
[EventType "team"]
[EventRounds "11"]
[EventCountry "HUN"]
[SourceTitle "EXT 2009"]
[Source "ChessBase"]
[SourceDate "2008.11.26"]
[SourceVersion "1"]
[SourceVersionDate "2008.11.26"]
[SourceQuality "1"]
[WhiteTeam "Haladas III"]
[BlackTeam "Tapolca Szeremley"]
[WhiteTeamCountry "HUN"]
[BlackTeamCountry "HUN"]

1. e4 e5 2. Nf3 Nc6 3. d4 exd4 4. Bc4 Bb4+ 5. c3 dxc3 6. Nxc3 h6 7. Qd3 d6 8. Bd2 Bg4 9. 0-0 Bxf3 10. Qxf3 Ne5 11. Qe2 Nxc4 12. Qxc4 Bxc3 13. Bxc3 f6 14. Rad1 Qe7 15. Rfe1 0-0-0 16. a4 Qe8 17. a5 a6 18. Bb4 Kb8 19. Ba3 Ne7 20. b4 Qb5 21. Qf7 Qd7 22. Qc4 Qb5 23. Qf7 Rde8 24. Qxg7 Qg5 25. Qf7 Rhg8 26. g3 Nc6 27. Qb3 Qg4 28. Rc1 Ne5 29. Re3 f5 30. b5 axb5 31. Qxb5 Nf3+ 32. Kg2 Nh4+ 33. Kf1 Nf3 34. a6 Qh3+ 0-1

[Event "HUN-chT2 Szechenyi 0708"]
[Site "Hungary"]
[Date "2008.03.02"]
[Round "7"]
[White "Remport, Gabor"]
[Black "Lovasz, Barnabas"]
[Result "0-1"]
[WhiteElo "1784"]
[BlackElo "1956"]
[PlyCount "40"]
[EventDate "2007.10.14"]
[EventType "team"]
[EventRounds "11"]
[EventCountry "HUN"]
[SourceTitle "EXT 2009"]
[Source "ChessBase"]
[SourceDate "2008.11.26"]
[SourceVersion "1"]
[SourceVersionDate "2008.11.26"]
[SourceQuality "1"]
[WhiteTeam "Flesch"]
[BlackTeam "Tapolca Szeremley"]
[WhiteTeamCountry "HUN"]
[BlackTeamCountry "HUN"]

1. e4 e5 2. Nf3 Nc6 3. Bb5 a6 4. Ba4 Nf6 5. 0-0 b5 6. Bb3 Bc5 7. d3 h6 8. c3 d6 9. h3 Ba7 10. Re1 g5 11. Nh2 Rg8 12. Ng4 Bxg4 13. hxg4 Ne7 14. a4 h5 15. gxh5 g4 16. Be3 Bxe3 17. Rxe3 Rh8 18. d4 Rxh5 19. Na3 Kd7 20. Kf1 Rh1+ 0-1

[Event "HUN-chT2 Szechenyi 0708"]
[Site "Hungary"]
[Date "2007.12.09"]
[Round "4"]
[White "Simai, Laszlo"]
[Black "Lovasz, Barnabas"]
[Result "1-0"]
[WhiteElo "1995"]
[BlackElo "1956"]
[PlyCount "103"]
[EventDate "2007.10.14"]
[EventType "team"]
[EventRounds "11"]
[EventCountry "HUN"]
[SourceTitle "EXT 2009"]
[Source "ChessBase"]
[SourceDate "2008.11.26"]
[SourceVersion "1"]
[SourceVersionDate "2008.11.26"]
[SourceQuality "1"]
[WhiteTeam "Veszprem"]
[BlackTeam "Tapolca Szeremley"]
[WhiteTeamCountry "HUN"]
[BlackTeamCountry "HUN"]

1. e4 e5 2. Nf3 Nc6 3. Bc4 Nf6 4. Ng5 d5 5. exd5 Na5 6. Bb5+ c6 7. dxc6 bxc6 8. Be2 h6 9. Nf3 e4 10. Ne5 Bd6 11. d4 exd3 12. Nxd3 Qc7 13. h3 0-0 14. Nd2 c5 15. c4 Bb7 16. 0-0 Nd7 17. f4 f5 18. b3 Nf6 19. Bb2 Nc6 20. Bf3 Rae8 21. Bxf6 gxf6 22. Bd5+ Kh7 23. Qh5 Nd4 24. Bxb7 Qxb7 25. Rae1 Rg8 26. Rf2 Rxe1+ 27. Nxe1 Qe7 28. Qd1 Bxf4 29. Nf1 Be3 30. Nxe3 Qxe3 31. Nf3 f4 32. Qb1+ Kh8 33. Kf1 Rg3 34. Nxd4 cxd4 35. Qd1 d3 36. Qd2 Qxd2 37. Rxd2 Kg7 38. b4 Kf7 39. a4 Ke6 40. Kf2 Ke5 41. c5 Kd4 42. c6 Kc3 43. Ke1 Re3+ 44. Kd1 Re4 45. c7 Rc4 46. Rf2 Kxb4 47. Rxf4 Rxf4 48. c8Q Kxa4 49. Kd2 Rd4 50. Kc3 Rd6 51. Qc4+ Ka5 52. Qb4+ 1-0

[Event "HUN-chT2 Szechenyi 0708"]
[Site "Hungary"]
[Date "2007.11.11"]
[Round "2"]
[White "Finy, Mark"]
[Black "Lovasz, Barnabas"]
[Result "0-1"]
[WhiteElo "1752"]
[BlackElo "1956"]
[PlyCount "108"]
[EventDate "2007.10.14"]
[EventType "team"]
[EventRounds "11"]
[EventCountry "HUN"]
[SourceTitle "EXT 2009"]
[Source "ChessBase"]
[SourceDate "2008.11.26"]
[SourceVersion "1"]
[SourceVersionDate "2008.11.26"]
[SourceQuality "1"]
[WhiteTeam "Arboretum"]
[BlackTeam "Tapolca Szeremley"]
[WhiteTeamCountry "HUN"]
[BlackTeamCountry "HUN"]

1. d4 d5 2. c4 c6 3. cxd5 cxd5 4. Nc3 a6 5. Bf4 Nf6 6. e3 b5 7. a3 e6 8. Bd3 Bd6 9. Bxd6 Qxd6 10. Nf3 Nbd7 11. Rc1 0-0 12. 0-0 Bb7 13. h3 Ne4 14. Nd2 f5 15. Ncxe4 dxe4 16. Be2 f4 17. Bg4 Nf6 18. exf4 Nxg4 19. Qxg4 Rxf4 20. Qg5 Bd5 21. g3 Rf6 22. Qe3 Qf8 23. Nxe4 Rf3 24. Qe1 Qf5 25. Nc3 Bb7 26. Kh2 Rf8 27. Nd1 Rxg3 28. fxg3 Qxf1 29. Qxf1 Rxf1 30. g4 h6 31. Rc7 Rxd1 32. Rxb7 Rxd4 33. Rb6 Kf7 34. Rxa6 Rd2+ 35. Kg3 Rxb2 36. h4 Rb1 37. Kf3 Rf1+ 38. Kg2 Rf4 39. Kg3 Ra4 40. Rxa4 bxa4 41. Kf3 Kf6 42. Ke4 g6 43. Kf4 e5+ 44. Ke3 Ke6 45. Ke4 h5 46. gxh5 gxh5 47. Ke3 Kf5 48. Kf3 e4+ 49. Ke3 Kg4 50. Kxe4 Kxh4 51. Kf4 Kh3 52. Kg5 h4 53. Kf4 Kg2 54. Kg4 h3 0-1

[Event "HUN-chT2 Szechenyi 0607"]
[Site "Hungary"]
[Date "2007.05.20"]
[Round "11"]
[White "Lovasz, Barnabas"]
[Black "Kovacs, Andras"]
[Result "1-0"]
[WhiteElo "1918"]
[BlackElo "2034"]
[PlyCount "107"]
[EventDate "2006.11.12"]
[EventType "team"]
[EventRounds "11"]
[EventCountry "HUN"]
[SourceTitle "EXT 2008"]
[Source "ChessBase"]
[SourceDate "2007.11.25"]
[SourceVersion "1"]
[SourceVersionDate "2007.11.25"]
[SourceQuality "1"]
[WhiteTeam "Tapolca Varju"]
[BlackTeam "Veszprem"]
[WhiteTeamCountry "HUN"]
[BlackTeamCountry "HUN"]

1. e4 c5 2. Nf3 d6 3. d4 cxd4 4. Nxd4 Nf6 5. Nc3 a6 6. f3 b5 7. Be3 Bb7 8. Bd3 Nbd7 9. g4 Nc5 10. h4 e6 11. Qd2 Qc7 12. 0-0-0 Be7 13. h5 Nfd7 14. g5 Ne5 15. Kb1 0-0-0 16. a3 Nc6 17. b4 Nd7 18. Bxb5 axb5 19. Ncxb5 Qb8 20. Qc3 Nc5 21. Ka2 Na4 22. Qb3 Nxd4 23. Bxd4 Nc5 24. bxc5 dxc5 25. Bxg7 Rhg8 26. h6 Bc6 27. Nc3 Qa8 28. Ne2 Kc7 29. Be5+ Bd6 30. Bxd6+ Rxd6 31. Rxd6 Kxd6 32. Rd1+ Kc7 33. Qe3 Qa5 34. Qf4+ Kb6 35. Rd6 Ra8 36. Rd3 c4 37. Rc3 Ba4 38. Qd6+ Kb7 39. Qe7+ Kb6 40. Qd6+ Kb7 41. Qe7+ Kb6 42. Qxf7 Bb3+ 43. Kb1 Qxa3 44. Qxe6+ Kb7 45. Rxb3+ cxb3 46. Qxb3+ Qxb3+ 47. cxb3 Kc6 48. Kc2 Ra2+ 49. Kd3 Kc5 50. f4 Ra3 51. Nd4 Ra1 52. Ne6+ Kd6 53. Nf8 Ra7 54. g6 1-0

[Event "HUN-chT2 Szechenyi 0607"]
[Site "Hungary"]
[Date "2007.04.15"]
[Round "8"]
[White "Bak, Benjamin"]
[Black "Lovasz, Barnabas"]
[Result "0-1"]
[WhiteElo "1793"]
[BlackElo "1918"]
[PlyCount "46"]
[EventDate "2006.11.12"]
[EventType "team"]
[EventRounds "11"]
[EventCountry "HUN"]
[SourceTitle "EXT 2008"]
[Source "ChessBase"]
[SourceDate "2007.11.25"]
[SourceVersion "1"]
[SourceVersionDate "2007.11.25"]
[SourceQuality "1"]
[WhiteTeam "Khelyi Spartacus"]
[BlackTeam "Tapolca Varju"]
[WhiteTeamCountry "HUN"]
[BlackTeamCountry "HUN"]

1. e4 e5 2. Nf3 Nc6 3. d4 exd4 4. Nxd4 Nf6 5. Nxc6 bxc6 6. e5 Qe7 7. Qe2 Nd5 8. c4 Ba6 9. b3 g6 10. Bb2 Bg7 11. Nd2 0-0 12. Nf3 Rfe8 13. Qd2 Nf6 14. h3 d6 15. Qa5 Bc8 16. Bd3 dxe5 17. Bc2 e4 18. Nd4 e3 19. 0-0 Bb7 20. Kh1 Qd7 21. fxe3 c5 22. Nf3 Rxe3 23. Ng1 Rxh3+ 0-1

[Event "HUN-chT2 Szechenyi 0607"]
[Site "Hungary"]
[Date "2006.11.12"]
[Round "1"]
[White "Lovasz, Barnabas"]
[Black "Metal, Imre"]
[Result "0-1"]
[WhiteElo "1918"]
[BlackElo "1963"]
[PlyCount "130"]
[EventDate "2006.11.12"]
[EventType "team"]
[EventRounds "11"]
[EventCountry "HUN"]
[SourceTitle "EXT 2008"]
[Source "ChessBase"]
[SourceDate "2007.11.25"]
[SourceVersion "1"]
[SourceVersionDate "2007.11.25"]
[SourceQuality "1"]
[WhiteTeam "Tapolca Varju"]
[BlackTeam "Zala Volan"]
[WhiteTeamCountry "HUN"]
[BlackTeamCountry "HUN"]

1. e4 c6 2. d4 d5 3. Nc3 dxe4 4. Nxe4 Bf5 5. Ng3 Bg6 6. Nf3 Nd7 7. h4 h6 8. h5 Bh7 9. Bd3 Bxd3 10. Qxd3 Ngf6 11. 0-0 e6 12. Re1 Qa5 13. Bf4 0-0-0 14. a3 Nd5 15. Bd2 Qc7 16. c4 N5f6 17. Qc3 c5 18. b4 cxd4 19. Nxd4 Nb6 20. Rac1 Na4 21. Qe3 a6 22. Nb5 Qd7 23. Qf4 Bd6 24. Nxd6+ Qxd6 25. Qxd6 Rxd6 26. Bf4 Rd3 27. Re3 Rhd8 28. Kf1 Ng4 29. Rxd3 Rxd3 30. Ne4 e5 31. Bg3 f5 32. f3 Ne3+ 33. Ke2 Rxa3 34. Nd6+ Kd7 35. Bxe5 Ke6 36. f4 Ng4 37. Nxb7 Nxe5 38. fxe5 Kxe5 39. c5 Nc3+ 40. Ke1 Nb5 41. c6 Nc7 42. Rd1 Rc3 43. Na5 Nd5 44. Kd2 Kd4 45. Re1 Rd3+ 46. Kc1 Kc3 47. Re5 Kxb4 48. Rxf5 Kxa5 49. c7 Rc3+ 50. Kb2 Rxc7 51. Rxd5+ Kb4 52. Rd4+ Rc4 53. Rd6 Rg4 54. Rxa6 Rxg2+ 55. Kc1 Kc3 56. Ra3+ Kd4 57. Kd1 Ke4 58. Ke1 Kf5 59. Ra7 Kf6 60. Kf1 Rg5 61. Ra6+ Kf5 62. Ra7 Kg4 63. Ra4+ Kh3 64. Ra7 Kh4 65. Ra4+ Kxh5 0-1

[Event "HUN-chT2 Charousek 0506"]
[Site "Hungary"]
[Date "2006.04.23"]
[Round "11"]
[White "Zakar, Dora"]
[Black "Lovasz, Barnabas"]
[Result "1-0"]
[WhiteElo "2093"]
[BlackElo "1925"]
[PlyCount "83"]
[EventDate "2005.10.16"]
[EventType "team"]
[EventRounds "11"]
[EventCountry "HUN"]
[SourceTitle "EXT 2009"]
[Source "ChessBase"]
[SourceDate "2008.11.26"]
[SourceVersion "1"]
[SourceVersionDate "2008.11.26"]
[SourceQuality "1"]
[WhiteTeam "Gyor Elektromos"]
[BlackTeam "Keszthely"]
[WhiteTeamCountry "HUN"]
[BlackTeamCountry "HUN"]

1. e4 e5 2. Nf3 Nc6 3. Bb5 d6 4. 0-0 Bg4 5. h3 Bh5 6. c3 a6 7. Bxc6+ bxc6 8. d4 Qf6 9. Qa4 Ne7 10. Nbd2 Qe6 11. Re1 f6 12. b4 Bxf3 13. Nxf3 g6 14. Qc2 Bg7 15. Be3 0-0 16. Qd3 a5 17. a3 axb4 18. axb4 Qc8 19. Bd2 Qb7 20. Nh2 exd4 21. cxd4 f5 22. f3 Rxa1 23. Rxa1 c5 24. bxc5 fxe4 25. fxe4 Qb2 26. Bc3 Qf2+ 27. Kh1 d5 28. Rf1 Qh4 29. Rxf8+ Kxf8 30. exd5 Nf5 31. Qf3 Bxd4 32. Bxd4 Qxd4 33. g4 Qxc5 34. gxf5 Qc1+ 35. Nf1 gxf5 36. Qxf5+ Ke8 37. Kg2 Qc4 38. Ng3 Qa2+ 39. Kf3 Qa3+ 40. Kg4 Qa4+ 41. Qe4+ Qxe4+ 42. Nxe4 1-0

[Event "HUN-chT2 Charousek 0506"]
[Site "Hungary"]
[Date "2006.02.26"]
[Round "8"]
[White "Timko, Melinda"]
[Black "Lovasz, Barnabas"]
[Result "1-0"]
[WhiteElo "2075"]
[BlackElo "1925"]
[PlyCount "77"]
[EventDate "2005.10.16"]
[EventType "team"]
[EventRounds "11"]
[EventCountry "HUN"]
[SourceTitle "EXT 2009"]
[Source "ChessBase"]
[SourceDate "2008.11.26"]
[SourceVersion "1"]
[SourceVersionDate "2008.11.26"]
[SourceQuality "1"]
[WhiteTeam "Husi"]
[BlackTeam "Keszthely"]
[WhiteTeamCountry "HUN"]
[BlackTeamCountry "HUN"]

1. d4 d5 2. Nf3 Nf6 3. e3 e6 4. c4 c6 5. Bd3 a6 6. 0-0 Bd6 7. b3 b5 8. Qd2 Ne4 9. Qc2 f5 10. Bd2 0-0 11. a4 bxc4 12. bxc4 Nd7 13. Nc3 Ndf6 14. Rfb1 Qc7 15. Be1 Qf7 16. Ne2 g5 17. Bxe4 fxe4 18. Nd2 Ng4 19. Nf1 Nxf2 20. Bb4 Bxb4 21. Rxb4 e5 22. cxd5 Nh3+ 23. gxh3 Qf2+ 24. Kh1 Bxh3 25. Qxe4 Qxe2 26. Ng3 Qf3+ 27. Qxf3 Rxf3 28. dxc6 Rxe3 29. c7 Rc8 30. Rc1 Kf7 31. d5 Rd3 32. Ne4 Ke7 33. d6+ Kf8 34. Nxg5 Bg4 35. Rxg4 Rxd6 36. Nxh7+ Ke7 37. Rg7+ Ke8 38. Re1 Re6 39. Rd1 1-0

[Event "HUN-chT2 Charousek 0506"]
[Site "Hungary"]
[Date "2006.02.12"]
[Round "7"]
[White "Lovasz, Barnabas"]
[Black "Vajda, Ildiko"]
[Result "1/2-1/2"]
[WhiteElo "1925"]
[BlackElo "1897"]
[PlyCount "49"]
[EventDate "2005.10.16"]
[EventType "team"]
[EventRounds "11"]
[EventCountry "HUN"]
[SourceTitle "EXT 2009"]
[Source "ChessBase"]
[SourceDate "2008.11.26"]
[SourceVersion "1"]
[SourceVersionDate "2008.11.26"]
[SourceQuality "1"]
[WhiteTeam "Keszthely"]
[BlackTeam "Csuti II"]
[WhiteTeamCountry "HUN"]
[BlackTeamCountry "HUN"]

1. e4 c5 2. Nf3 Nc6 3. d4 cxd4 4. Nxd4 g6 5. Nc3 Bg7 6. Be3 Nf6 7. f3 0-0 8. Bc4 d6 9. Qd2 Bd7 10. Bb3 Rc8 11. 0-0-0 Ne5 12. h4 Nc4 13. Bxc4 Rxc4 14. h5 Nxh5 15. g4 Nf6 16. Nde2 Qa5 17. Bh6 Nxe4 18. fxe4 Bxc3 19. Nxc3 Rfc8 20. Qg5 Qxg5+ 21. Bxg5 f6 22. Be3 Bxg4 23. Rd4 Rxd4 24. Bxd4 h5 25. Nd5 1/2-1/2

[Event "HUN-chT2 Charousek 0506"]
[Site "Hungary"]
[Date "2005.11.27"]
[Round "4"]
[White "Antal, Agnes"]
[Black "Lovasz, Barnabas"]
[Result "0-1"]
[WhiteElo "2086"]
[BlackElo "1925"]
[PlyCount "114"]
[EventDate "2005.10.16"]
[EventType "team"]
[EventRounds "11"]
[EventCountry "HUN"]
[SourceTitle "EXT 2009"]
[Source "ChessBase"]
[SourceDate "2008.11.26"]
[SourceVersion "1"]
[SourceVersionDate "2008.11.26"]
[SourceQuality "1"]
[WhiteTeam "BEAC"]
[BlackTeam "Keszthely"]
[WhiteTeamCountry "HUN"]
[BlackTeamCountry "HUN"]

1. e4 e5 2. Nf3 Nc6 3. d4 exd4 4. Nxd4 Nf6 5. Nxc6 bxc6 6. e5 Qe7 7. Qe2 Nd5 8. c4 Ba6 9. b3 g6 10. Ba3 Qg5 11. Bxf8 Kxf8 12. Nd2 Nc3 13. Qe3 Qxe3+ 14. fxe3 Re8 15. Nf3 Ne4 16. Bd3 Nc5 17. Bc2 d5 18. exd6 cxd6 19. 0-0-0 Ke7 20. e4 f6 21. Rhe1 Nd7 22. Rd2 Ne5 23. Red1 Rd8 24. Kb2 Bc8 25. Nxe5 dxe5 26. Kc3 a5 27. Rxd8 Rxd8 28. Rxd8 Kxd8 29. b4 axb4+ 30. Kxb4 f5 31. a4 Kc7 32. Bd3 f4 33. c5 g5 34. a5 g4 35. Kc3 h5 36. Kd2 Kb8 37. Ke1 Ka7 38. Bc4 Ba6 39. Bf7 h4 40. Be8 Bb7 41. Bd7 g3 42. h3 Ka6 43. Ke2 Kxa5 44. Kf3 Kb4 45. Kg4 Kxc5 46. Kxh4 Ba6 47. Kg4 Be2+ 48. Kh4 Bf3 49. Bf5 Bxg2 50. Kg4 Bxh3+ 51. Kxh3 Kd4 52. Kg2 Kd3 53. Kf3 c5 54. Bh3 c4 55. Bf1+ Kc3 56. Ke2 Kb2 57. Kd1 c3 0-1